005770000a22002290004500500004400000650002200044650001800066650001800084650001300102650002200115651001000137082002000147518001300167530000600180100001700186245006200203020001800265260003500283260000900318041000800327300001200335 aBibliography at the end of each chapter aGovernment policy aHealth policy aPolicy making aPlanning aPolitical science aIndia a320.6bSa69pcT a20000329 aM aSapru, R. K. aPublic policy; formulation, implementation and evaluation a81-207-1599-0 aNew DelhibSterling Pub, India c1994 aEng av,144p.